Namiesto kultúry megasomariny

Bibliographic Details
Main Authors: Valo, Peter (Author, Interviewer), Dančiak, Stano, 1942-2018 (Author)
Format: Article
Language:Slovak
PhysicalDescription:Fotogr.
ISSN:0231-6676
Subjects:

MARC

LEADER 00000nab a2200000 a 4500
001 vtls001518580
003 SK-MaSNL
005 20260305002936.0
008 160322c2005 xo wr|p|||||||000 b|slo
015 |a SNBRB2005/03  |2 snkbucl 
038 |a SNKBUCL 
040 |a SNKBUCL  |b slo  |e AACR2 
041 0 |a slo 
044 |a xo  |c SK 
080 |a 792.071.2  |2 UDC-MRF-SK2 
080 |a 929 Dančiak, Stano  |2 UDC-MRF-SK2 
100 1 |a Valo, Peter  |4 ivr  |4 aut  |9 320277 
245 1 0 |a Namiesto kultúry megasomariny  |c Peter Valo, Stano Dančiak 
300 |b Fotogr. 
600 1 7 |a Dančiak, Stano,  |d 1942-2018  |2 snkbucl  |9 85009 
700 1 |a Dančiak, Stano,  |d 1942-2018  |4 ive  |4 aut  |9 85009 
773 0 |t Slovenka  |g Roč. 58, č. 9 (2005), s. 34-37  |x 0231-6676 
852 |a SNK  |b KIS3GCP 
958 |a BX 
999 |c 3227821  |d 3229751